Plastics engineering handbook

Salvato in:
Dettagli Bibliografici
Autore principale: Randolph, Alan F.
Natura: Libro
Lingua:Undetermined
Pubblicazione: New York Reinhold Publishing corporation 1962
Soggetti:
Tags: Aggiungi Tag
Nessun Tag, puoi essere il primo ad aggiungerne! !
Thư viện lưu trữ: Trung tâm Học liệu Trường Đại học Cần Thơ
LEADER 00514nam a2200193Ia 4500
001 CTU_80777
008 210402s9999 xx 000 0 und d
082 |a 668.4 
082 |b R186 
100 |a Randolph, Alan F. 
245 0 |a Plastics engineering handbook 
245 0 |c Alan F. Randolph 
260 |a New York 
260 |b Reinhold Publishing corporation 
260 |c 1962 
650 |a Plastics 
650 |x Handbook 
904 |i Trọng Hải 
980 |a Trung tâm Học liệu Trường Đại học Cần Thơ